Ideologías, mentalidades y fe cristiana: fichas y esquemas

Uloženo v:
Podrobná bibliografie
Korporativní autor: Universidad Católica de Valparaíso (Autor)
Médium: Kniha
Jazyk:španělština
Vydáno: Valparaíso Universidad Católica de Valparaíso 1986
Vydání:1a. ed
Edice:Documento de Trabajo
Témata:
Tagy: Přidat tag
Žádné tagy, Buďte první, kdo vytvoří štítek k tomuto záznamu!

MARC

LEADER 00000nam a2200000 a 4500
001 UCK1186
003 CL-VaPUC
008 041105e19861000CL |||||||||||||||||spa|d
082 0 4 |a 230  |b UNI  |2 21 
110 2 |a Universidad Católica de Valparaíso  |e author  |9 489041 
245 1 0 |a Ideologías, mentalidades y fe cristiana: fichas y esquemas 
250 |a 1a. ed 
300 |a 54 p 
942 |c BK 
945 |d 20041105 00:00:00  |a cmena 
260 |a Valparaíso  |b Universidad Católica de Valparaíso  |c 1986 
650 0 |a Teología   |9 258766 
650 0 |a Fe  |9 308036 
650 0 |a Vida cristiana  |9 258753 
650 0 |a Creencia Religiosa  |9 316904 
583 |a last modification  |c 20041105 00:00:00  |k Rodrigo Vera 
490 0 |a Documento de Trabajo 
999 |c 311270  |d 311268 
952 |0 0  |1 0  |4 0  |6 230_000000000000000_UNI_1986  |7 0  |8 A  |9 380612  |a BIBTEO  |b BIBTEO  |d 2019-11-21  |i 4076303  |o 230 UNI 1986  |p 4076303  |r 2025-01-17  |w 2019-11-21  |y BK  |k ICR